Rating consultancy code of practice (Record no. 104494)

MARC details
000 -LEADER
fixed length control field 01376cam a2200289 4500
001 - CONTROL NUMBER
control field ##L130602
008 - FIXED-LENGTH DATA ELEMENTS--GENERAL INFORMATION
fixed length control field 030528n2005 000 0 eng u
020 ## - INTERNATIONAL STANDARD BOOK NUMBER
International Standard Book Number 1842192396
035 ## - SYSTEM CONTROL NUMBER
System control number (Sirsi) u130602
041 0# - LANGUAGE CODE
Language code of text/sound track or separate title eng
050 04 - LIBRARY OF CONGRESS CALL NUMBER
Classification number 336.21 $2 18
110 2# - MAIN ENTRY--CORPORATE NAME
Corporate name or jurisdiction name as entry element Royal Institution of Chartered Surveyors
9 (RLIN) 4900
245 00 - TITLE STATEMENT
Title Rating consultancy code of practice
250 ## - EDITION STATEMENT
Edition statement 2nd ed.
260 ## - PUBLICATION, DISTRIBUTION, ETC.
Place of publication, distribution, etc. London
Name of publisher, distributor, etc. RICS
Date of publication, distribution, etc. 2005
490 #0 - SERIES STATEMENT
Series statement RICS Code of Practice
505 2# - FORMATTED CONTENTS NOTE
Formatted contents note Rating consultancy code of practice - 2nd edition (Mandatory) -- Rating consultancy code of practice: Appendix A - England & Wales (Mandatory) -- Rating consultancy code of practice: Appendix B - Scotland (Mandatory)
520 ## - SUMMARY, ETC.
Summary, etc. Contains important information and must be provided as part of the written confirmation of the terms of engagement for rating consultancy advice. Includes a downloadable information sheets for ratepayers in Scotland and in England and Wales.
520 ## - SUMMARY, ETC.
Summary, etc. This code will be effective from 31 October 2005. Supersedes first edition (ISBN 1842191500).
520 ## - SUMMARY, ETC.
Summary, etc. Superseded by third edition from 1 April 2010 (ISBN 9781842195888).
651 4# - SUBJECT ADDED ENTRY--GEOGRAPHIC NAME
Geographic name SCOTLAND
651 #4 - SUBJECT ADDED ENTRY--GEOGRAPHIC NAME
Geographic name ENGLAND AND WALES
690 ## - LOCAL SUBJECT ADDED ENTRY--TOPICAL TERM (OCLC, RLIN)
Topical term or geographic name as entry element PROPERTY-PROPERTY TAXATION
710 2# - ADDED ENTRY--CORPORATE NAME
Corporate name or jurisdiction name as entry element Institute of Revenues, Rating and Valuation
9 (RLIN) 2992
710 2# - ADDED ENTRY--CORPORATE NAME
Corporate name or jurisdiction name as entry element Rating Surveyors' Association
9 (RLIN) 2328
942 ## - ADDED ENTRY ELEMENTS (KOHA)
Suppress in OPAC 0
Holdings
Withdrawn status Lost status Source of classification or shelving scheme Damaged status Not for loan Home library Current library Shelving location Date acquired Total Checkouts Full call number Barcode Date last seen Copy number Price effective from Koha item type
    Dewey Decimal Classification     Virtual Virtual Online 17/01/2006   ONLINE PUBLICATION 130602-2001 06/08/2019 1 06/08/2019 Book